All Honolulu Neighborhoods - Statistics

General Stats
  • This quiz has been taken 40 times
  • The average score is 8 of 20
Answer Stats
# Neighborhood Pop. % Correct
7 Waikiki 25,268
86%
6 Hawaii Kai 28,417
66%
3 Manoa 46,645
62%
9 Diamond Head 21,079
59%
4 Kalihi-Palama 39,960
59%
15 Waialae-Kahala 9,470
59%
18 Downtown 3,199
55%
2 Kaimuki 49,664
55%
16 Ala Moana 9,360
48%
19 Nuuanu 2,392
48%
11 McCully-Moiliili 17,864
41%
17 Kaka'ako 7,663
38%
5 Makiki 31,939
34%
13 Palolo 12,620
28%
8 Liliha-Kapalama 25,030
24%
10 Aliamanu 18,650
21%
14 Moanalua 10,937
21%
12 Kuliouou-Kalani Iki 14,768
17%
1 Kalihi Valley 53,886
14%
20 Sand Island 184
14%
No matching quizzes found
Score Distribution
Percent of People with Each Score
Percentile by Number Answered
Your Score History
You have not taken this quiz